Loading...

Kavithayude redhotsavam /

Bibliographic Details
Other Authors: Jyothish Kumar , Ajayapuram (Editor)
Language:Undetermined
Published: Thiruvananthapuram : Kerala Bhasha Institute , 2002.
Subjects:
LEADER 00832nam a2200193Ia 4500
001 135998
008 170722s9999 xx 000 0 und d
020 |a 8176383155 
245 |a Kavithayude redhotsavam / 
260 |a Thiruvananthapuram :  |b Kerala Bhasha Institute ,  |c 2002. 
300 |a 354 p. 
653 |a Criticism 
653 |a Malayalam Poetry 
700 |a Jyothish Kumar , Ajayapuram  |e editor. 
923 |d 20031211  |n 000721-000 
942 |c GEN 
999 |c 127658  |d 127658 
952 |0 0  |1 0  |4 0  |6 O_321N092G_P2P21  |7 0  |9 180548  |a LIB  |b LIB  |d 2013-03-25  |e Kerala Book Marketing Society  |o O32,1N092:g P2-P2;1  |p 251293  |r 2017-08-12  |v 112.00  |w 2017-08-12  |y GEN 
952 |0 0  |1 0  |4 0  |6 O_321N092G_P2P21  |7 0  |9 180549  |a LIB  |b LIB  |d 2013-03-25  |e Kerala Book Marketing Society  |l 7  |o O32,1N092:g P2-P2;1  |p 251294  |q 2020-12-24  |r 2020-11-24  |s 2020-11-24  |v 112.00  |w 2017-08-12  |y GEN